000 01063nam a22002297a 4500
005 20120507114840.0
010 _aENG-105214 B-489080
020 _a9788184002263
_c150.00
035 _aEN-88747 B-489080
037 _bDBAD/PUB
037 _bStar Pub/Ven
082 _a158.1
100 _aDhar, Mainak
_955340
245 _aThe cubicle manifesto :
_cby Suhel Seth
_bthe perfect way to reinvent your life /
260 _aNoida
_bRandom House Publishers
_c2012
270 _aWindsor IT Park, 7th Floor, Tower-B, A-1, Sector-125
_bNoida
_e201301
300 _axi,113p.
_c21cm(pbk)
942 _2ddc
_cEN
_h158.1
_mDHA
999 _c66266
_d66266